Statistiques concernant Les AOP de fromage en France

Cliquez ici pour prendre le quiz!

Statistiques générales

  • Ce quiz a été pris 116 fois
  • Le résultat moyen est 16 sur 46

Statistiques - réponses

LaitAop% Correct
BrebisRoquefort
85%
VacheComte
79%
VacheCantal
70%
VacheSaint Nectaire
67%
VacheBleu d'Auvergne
66%
VacheReblochon
66%
VacheBrie de Meaux
63%
VacheMaroilles
61%
VacheMunster
60%
VacheFourme d'ambert
57%
VacheMorbier
55%
VacheAbondance
54%
VacheBeaufort
52%
VacheEpoisses
47%
VacheCamembert de Normandie
46%
VachePont l'évêque
46%
ChevreCrottin de chavignol
44%
VacheBrie de Melun
40%
VacheLivarot
40%
VacheNeufchatel
34%
VacheSalers
33%
BrebisOssau-iraty
32%
VacheChaource
31%
VacheBleu de Gex
26%
ChevrePicodon
26%
ChevreValencay
26%
VacheBleu des causses
24%
ChevreSainte maure de touraine
24%
Brebis, chevreBrocciu
22%
ChevrePelardon
22%
VacheFourme de Montbrison
20%
VacheLangres
20%
ChevreBanon
15%
VacheLaguiole
15%
ChevreSelles sur cher
15%
VacheBleu du vercors
13%
ChevreCharolais
13%
ChevreChabichou du Poitou
11%
ChevreChevrotin
11%
ChevreMaconnais
11%
ChevrePouligny Saint pierre
11%
ChevreRigotte de condrieu
9%
VacheTome des bauges
7%
ChevreBrousse du rove
2%
VacheMont d'or vacherin
2%
ChevreRocamandour
1%

Distribution des résultats

Percentile par nombre de réponses

% des personnes avec chaque résultat

Votre développement - résultats

Vous n’avez pas pris ce quiz